Biblioteka Instytutu Północnego w Olsztynie

Widok standardowy Widok MARC

Pozycja Personal Name

Liczba rekordów, w których użyto hasła: 3

001 - Numer kontrolny

  • control field: 18628

003 - Identyfikator numeru kontrolnego

  • control field: OLSZT 008

005 - Data i czas ostatniej modyfikacji

  • control field: 20240730220004.0

008 - Dane kontrolne kodowane (40 znaków)

  • fixed length control field: 090325n||a|nnnabbn |a aaa |c

010 ## - Numer kontrolny Biblioteki Kongresu

  • numer kontrolny LC: n 2009078128

024 7# - OTHER STANDARD IDENTIFIER

  • Standard number or code: http://viaf.org/viaf/311281863
  • Source of number or code: uri

039 #9 -

  • : 201902140018
  • : VLOAD
  • : 201902130506
  • : VLOAD
  • : 200903270012
  • : VLOAD
  • : 200903261828
  • : fkw
  • : 200903251454
  • : vugd

040 ## - Instytucja sporządzająca rekord

  • inst. przygot. dane do rek. khw: GD U/AP
  • inst. wprow. rek. khw: GD U/AP

100 1# - Hasło - nazwa osobowa

  • nazwa osobowa w formie ujednoliconej: Załuska, Jan.

670 ## - Źródło informacji

  • źródło informacji: Wieś w Prusach Wschodnich / Arno Surminski. - Neulengbach, 2008.
  • gdzie znaleziono informację: Tł. z jęz. niem.

999 ## -

  • : VIRTUA4 x

999 ## -

  • : VTLSSORT0080*0100*0400*1000*6670*6700*9992
Biblioteka Instytutu Północnego, ul. Partyzantów 87, 10-402 Olsztyn, email: biblioteka(at)ip.olsztyn.pl